| 000 | 00967nam a22003137a 4500 | ||
|---|---|---|---|
| 003 | EG-ScBUE | ||
| 005 | 20211216141227.0 | ||
| 008 | 200219s2008 enk f 000 0 eng d | ||
| 020 | _a9780141035796 | ||
| 040 |
_aEG-ScBUE _beng _erda _cEG-ScBUE _dEG-ScBUE |
||
| 082 | 0 | 4 |
_a701.15 _bBER _222 |
| 100 | 1 |
_aBerger, John, _eauthor. |
|
| 245 | 1 | 0 |
_aWays of seeing / _cJohn Berger. |
| 264 | 1 |
_aLondon : _bPenguin Books, _c2008. |
|
| 300 |
_a176 pages ; _c18 cm. |
||
| 336 |
_atext _2rdacontent _btxt |
||
| 337 |
_aunmediated _2rdamedia _bn |
||
| 338 |
_avolume _2rdacarrier _bnc |
||
| 490 | 0 | _aPenguin on design | |
| 500 | _aOriginally published: London: BBC/Penguin, 1972. | ||
| 500 |
_aFormerly CIP. _5Uk |
||
| 650 | 7 |
_aVisual perception. _2BUEsh |
|
| 650 | 7 |
_aArt _xPhilosophy. _2BUEsh |
|
| 650 | 7 |
_aArt _xPsychology. _2BUEsh |
|
| 653 |
_bART _cDecember2021 |
||
| 655 |
_vReading book _934232 |
||
| 942 |
_2ddc _cBB |
||
| 999 |
_c29717 _d29688 |
||